000 00316nam a22001337a 4500
008 171227b xxu||||| |||| 00| 0 eng d
020 _a9780205157662
041 _aeng
080 _22ND
_a316 YEG
100 _a50
101 _aSOC
245 _aRESAEARCH METHODS FOR SOCIAL WORKERS
_cYEGIDIS,B.L
942 _2udc
_cBK
999 _c39485
_d39485